Equity & Trust in nutshells. (Record no. 6766)

MARC details
000 -LEADER
fixed length control field 00557nam a22002177a 4500
005 - DATE AND TIME OF LATEST TRANSACTION
control field 20170822174942.0
008 - FIXED-LENGTH DATA ELEMENTS--GENERAL INFORMATION
fixed length control field 130919b xxu||||| |||| 00| 0 eng d
020 ## - INTERNATIONAL STANDARD BOOK NUMBER
International Standard Book Number 978-0-414-02570-7
040 ## - CATALOGING SOURCE
Original cataloging agency BSU
082 ## - DEWEY DECIMAL CLASSIFICATION NUMBER
Edition number 22
Classification number 346.004 HAL
100 ## - MAIN ENTRY--PERSONAL NAME
Personal name Haley, Micheal.
9 (RLIN) 14608
245 ## - TITLE STATEMENT
Title Equity & Trust in nutshells.
246 ## - VARYING FORM OF TITLE
Title proper/short title Equity and trusts.
250 ## - EDITION STATEMENT
Edition statement 9th ed.
260 ## - PUBLICATION, DISTRIBUTION, ETC. (IMPRINT)
Place of publication, distribution, etc London:
Name of publisher, distributor, etc Sweet & Maxwell.
Date of publication, distribution, etc 2013
300 ## - PHYSICAL DESCRIPTION
Extent xl, 219p.;
440 ## - SERIES STATEMENT/ADDED ENTRY--TITLE
Title Nutshells.
9 (RLIN) 14600
650 ## - SUBJECT ADDED ENTRY--TOPICAL TERM
Topical term or geographic name as entry element Equity.
Form subdivision Trust.
9 (RLIN) 14609
658 ## - INDEX TERM--CURRICULUM OBJECTIVE
Main curriculum objective Law.
942 ## - ADDED ENTRY ELEMENTS (KOHA)
Source of classification or shelving scheme Dewey Decimal Classification
Item type Books
Holdings
Withdrawn status Lost status Source of classification or shelving scheme Damaged status Not for loan Home library Current library Shelving location Date acquired Source of acquisition Inventory number Full call number Barcode Date last seen Copy number Price effective from Koha item type
    Dewey Decimal Classification     Main Library Faculty of Law Library   19/09/2013 Purchased. 28905 346.004 HAL bsu24081688 19/09/2013 001 19/09/2013 Books
    Dewey Decimal Classification     Main Library Faculty of Law Library   20/09/2013 Purchased. 28975 346.004 HAL bsu24081689 20/09/2013 002 20/09/2013 Books

© 2017 Bishop Stuart University Library. All Rights Reserved.
Kakoba Campus, Plot 150 Buremba Road | P.O. Box 9, Mbarara, UGANDA | Tel: +256-772-463068
Email: library@bsu.ac.ug